| 000 | 00356nam a2200145 a 4500 | ||
|---|---|---|---|
| 001 | 1909 | ||
| 003 | CDMR | ||
| 005 | 20130116135217.0 | ||
| 008 | 130130s1998||||||||||||||||||||||||||||d | ||
| 040 |
_aCDMR _bcat _cCPC LLEIDA |
||
| 100 | 1 |
_aFarré Josa, Olga _91425 |
|
| 245 | 1 | 3 |
_aLa bellesa maleïda _cFARRÉ JOSA, Olga |
| 260 |
_aLleida _c1998 _bUdL |
||
| 942 | _cMON | ||
| 999 |
_c1909 _d1909 |
||